000 00335nam a2200145Ia 4500
008 090124s9999 xx 000 0 und d
082 _b204957
245 _aHEROES OF THE WORLD
250 _a1
260 _bGILL M.S.
_c1996
300 _a419
630 _aHEROES OF THE WORLD
730 _aHEROES OF THE WORLD
942 _cBOOK
999 _c186538
_d186538